000 00319nam a2200133Ia 4500
008 240624s9999 xx 000 0 und d
041 _aeng
082 _a050 SCH
100 _aSCHOLASTIC
245 _aSCHOLASTIC YEAR BOOK 2015
260 _c2015
_aNew Delhi
_bScholastic
300 _a335 : p. : cm ; 20
365 _cRS
999 _c24032
_d24032